000 00401nam a2200145Ia 4500
008 231129s1980||||xx |||||||||||||| ||spa||
020 _a84-282-0330-X
040 _bspa
082 _a778.5341 P513i
100 _aPetzold Paul
245 0 _aLa iluminación en el retrato
260 _c1980
264 _aBarcelona EspaƱa : Ediciones Omega
942 _2ddc
_cBKS
999 _c17354
_d17354